000 00856cab a2200277 4500
001 ABS57743
008 090401t1997 xxu||||| |||| 00| 0 eng d
035 _a(Sirsi) u81793
041 _aeng
100 _aMoore, L.
245 _aWhat`s all the noise about?
260 _c1997
350 _a0
490 _aProperty Week
_v61(3) 17 October 1997, 27(1)
520 _aA brief look at the wide range of statutory provisions covering noise pollution, and how knowledge of these can be useful.
650 _aCONTROL OF POLLUTION ACT 1974
650 _aENVIRONMENTAL PROTECTION ACT 1990
650 _aLEGISLATION
650 _aNOISE ACT 1996
650 _aNOISE AND STATUTORY NUISANCE ACT 1993
650 _aNOISE NUISANCE
650 _aNOISE POLLUTION
690 _aENVIRONMENTAL AND LAND CONSULTANCY
942 _n0
948 _c30/10/1997
999 _c51571
_d51571